Electronic devices and circuits (Record no. 178599)

000 -LEADER
fixed length control field 01937 a2200229 4500
003 - CONTROL NUMBER IDENTIFIER
control field Nust
005 - DATE AND TIME OF LATEST TRANSACTION
control field 20170207153047.0
010 ## - LIBRARY OF CONGRESS CONTROL NUMBER
LC control number 89061420
020 ## - INTERNATIONAL STANDARD BOOK NUMBER
International Standard Book Number 8185749752
040 ## - CATALOGING SOURCE
Transcribing agency Nust
082 00 - DEWEY DECIMAL CLASSIFICATION NUMBER
Classification number 621.3815
100 1# - MAIN ENTRY--PERSONAL NAME
Personal name Gupta .J.B.
245 10 - TITLE STATEMENT
Title Electronic devices and circuits
Statement of responsibility, etc. J. B Gupta
250 ## - EDITION STATEMENT
Edition statement
260 ## - PUBLICATION, DISTRIBUTION, ETC.
Place of publication, distribution, etc. New Delhi :
Name of publisher, distributor, etc. S.K. Kataria & Sons Pub. Co.,
Date of publication, distribution, etc. c1990.
300 ## - PHYSICAL DESCRIPTION
Extent xi, 1209p. :
Other physical details ill. ;
Dimensions 25 cm.
505 ## - FORMATTED CONTENTS NOTE
Formatted contents note Introductory Concepts (Page-1) Electron Emission (Page-41) Electron Tubes (Page-53) Semiconductor Physics (Page-88) Semiconductor Diodes (Page-135) Zeners and Other TWO-Terminal Devices (Page-163) DC Power Supplies (Page-188) Bipolar Junction Transistors (Page-221) Field Effect Transistors (Page-267) Hybrid Parameters (Page-324) Transistor Biasing and Thermal Stabilization (page-342) Signal Stage Transistor Amplifiers (Page-369) Multistage Amplifiers (Page-420) Large Signal or Power Amplifiers (Page-457) Feedback in Amplifiers (Page-494) Thyristors and Unijuntion Transistors (Page-536) Modulation and Demodulation (Page-595) Optoelectronic Devices (Page-629) Sinusoidal Oscillators (Page-651) Wave shaping Circuits (Page-691) Swathing Circuits (Multivibrators) (Page- 727) Time Base Generators (Page-755) Integrated Circuits (Page-763) Operational Amplifier (Page-777) NON-Sinusoidal Waveform Generations (Page-845) Phase-Locked Loop (page-873) Active Filters (Page-882) Regulated Power Supplies (Page-907) Number System and Codes (page-943) Logic Gates, Boolean Algebra and Logic Families (Page-970) Introduction to Microprocessor and Microcomputer (Page-1041) Digital Measurements and Instruments (Page-1052) Electronic Instruments (Page-1075) Cathode Ray Oscilloscope (page-1098) Objective Questions With Answer(Page-1120)
538 ## - SYSTEM DETAILS NOTE
System details note Almirah No.34 Shelf No.3
600 ## - SUBJECT ADDED ENTRY--PERSONAL NAME
Personal name Gupta .J.B
650 #0 - SUBJECT ADDED ENTRY--TOPICAL TERM
Topical term or geographic name entry element Electronic apparatus and appliances.
650 #0 - SUBJECT ADDED ENTRY--TOPICAL TERM
Topical term or geographic name entry element Telecommunication engineering
942 ## - ADDED ENTRY ELEMENTS (KOHA)
Source of classification or shelving scheme
Koha item type Book
Holdings
Withdrawn status Lost status Source of classification or shelving scheme Damaged status Not for loan Collection code Permanent Location Current Location Date acquired Total Checkouts Full call number Barcode Date last seen Price effective from Koha item type
            Military College of Signals (MCS) Military College of Signals (MCS) 12/12/2016   621.3815 GUP MCS32594 12/08/2016 12/12/2016 Book
© 2023 Central Library, National University of Sciences and Technology. All Rights Reserved.